Malayalam lexicon vol 1 (Record no. 30273)

MARC details
000 -LEADER
fixed length control field 00486nam a2200169Ia 4500
003 - CONTROL NUMBER IDENTIFIER
control field OSt
005 - DATE AND TIME OF LATEST TRANSACTION
control field 20220830111902.0
008 - FIXED-LENGTH DATA ELEMENTS--GENERAL INFORMATION
fixed length control field 211109s9999||||xx |||||||||||||| ||und||
040 ## - CATALOGING SOURCE
Transcribing agency Sbcl
082 ## - DEWEY DECIMAL CLASSIFICATION NUMBER
Classification number 494.81203
Item number NAM-V
100 ## - MAIN ENTRY--PERSONAL NAME
Personal name Suranad Kunjan Pillai
245 #0 - TITLE STATEMENT
Title Malayalam lexicon vol 1
260 ## - PUBLICATION, DISTRIBUTION, ETC.
Name of publisher, distributor, etc. Kerala Bhasha Institute
Place of publication, distribution, etc. Thiruvananthapuram
Date of publication, distribution, etc. 1976
630 ## - SUBJECT ADDED ENTRY--UNIFORM TITLE
General subdivision POST GRADUATE REFERENCE
650 ## - SUBJECT ADDED ENTRY--TOPICAL TERM
Topical term or geographic name entry element Malayalam Language Study
942 ## - ADDED ENTRY ELEMENTS (KOHA)
Koha item type BOOK
650 ## - SUBJECT ADDED ENTRY--TOPICAL TERM
Form subdivision Malayalam Dictionary
General subdivision Malayalam
Holdings
Withdrawn status Lost status Source of classification or shelving scheme Damaged status Not for loan Home library Current library Date acquired Cost, normal purchase price Full call number Barcode Shelving location Date last seen Price effective from Koha item type
    Dewey Decimal Classification     SB LIBRARY SB LIBRARY 09/11/2021 50.00 494.81203 SUR-M 00031179 POST GRADUATE REFERENCE 09/11/2021 09/11/2021 BOOK

Powered by Koha